000 01152nam a2200229Ia 4500
003 Ost
005 20260416102356.0
008 260416s9999||||xx |||||||||||||| ||und||
040 _cfsecg
041 _aara
082 _a336.2
100 _aوارزقي، ميلود
_eمؤلف
245 0 _aسلاسل تمارين محلولة في مقياس جباية المؤسسة /
_c ميلود وارزقي
260 _aالجزائر
_bجامعة الجزائر3: كلية العلوم الإقتصادية، العلوم التجارية وعلوم التسيير
_c2019
300 _a45 ورقة
_bايضاحات
_c30 سم
520 _aالضريبة الجزافية الوحيدة (IFU)، الضريبة على الدخل الاجمالي (IRG)، الضريبة على أرباح الشركات (IBS)، الرسم على القيمة المضاعفة (TVA)
653 _aالشركات-ضرائب
653 _aالضرائب
653 _aضرائب الدخل
710 _aجامعة الجزائر3: كلية العلوم الإقتصادية، العلوم التجارية وعلوم التسيير
_eناشر علمي
942 _cHANDOUT
999 _c41202
_d41202